Development Banking and Financial Intermediaries (Record no. 218538)

MARC details
000 -LEADER
fixed length control field 00508nam a2200193Ia 4500
008 - FIXED-LENGTH DATA ELEMENTS--GENERAL INFORMATION
fixed length control field 240823s9999||||xx |||||||||||||| ||und||
020 ## - INTERNATIONAL STANDARD BOOK NUMBER
International Standard Book Number 81-8318-574-6
082 ## - DEWEY DECIMAL CLASSIFICATION NUMBER
-- 332.154 P7
100 ## - MAIN ENTRY--PERSONAL NAME
Personal name Vasant Desai
245 #0 - TITLE STATEMENT
Title Development Banking and Financial Intermediaries
250 ## - EDITION STATEMENT
Edition statement 3rd
260 ## - PUBLICATION, DISTRIBUTION, ETC. (IMPRINT)
Date of publication, distribution, etc 2007
Name of publisher, distributor, etc "Himalaya Publishing House, Bombay,"
500 ## - GENERAL NOTE
General note YES
650 ## - SUBJECT ADDED ENTRY--TOPICAL TERM
Topical term or geographic name as entry element Development Banking
942 ## - ADDED ENTRY ELEMENTS (KOHA)
Item type Books
Holdings
Withdrawn status Lost status Damaged status Permanent location Current location Shelving location Date acquired Source of acquisition Cost, normal purchase price Full call number Barcode Date last seen Koha item type
      CENTRAL LIBRARY, NOORUL ISLAM CENTRE FOR HIGHER EDUCATION CENTRAL LIBRARY, NOORUL ISLAM CENTRE FOR HIGHER EDUCATION   05/22/2014 Higginbothams Private Ltd 340.00 332.154 P7 67946 08/23/2024 Books
Visitors:
Copyright © 2024 Central Library NICHE.  All rights reserved.